书目信息 |
| 题名: |
每天进步一点点②
|
|
| 作者: | 吴章鸿 著 | |
| 分册: | ||
| 出版信息: | 北京 中国妇女出版社 2006.06 |
|
| 页数: | 265页 | |
| 开本: | 23cm | |
| 丛书名: | ||
| 单 册: | ||
| 中图分类: | G78 | |
| 科图分类: | g78 | |
| 主题词: | 家庭教育-经验--类型 | |
| 电子资源: | ||
| ISBN: | 7-80203-275-X | |
| 000 | 00680nam0 2200217 450 | |
| 001 | 0639899281 | |
| 005 | 20061011112424.85 | |
| 010 | @a7-80203-275-X@dCNY 26.80 | |
| 100 | @a20060826d2006 km y0chiy0120 ea | |
| 101 | 0 | @achi |
| 102 | @aCN@b110000 | |
| 200 | 1 | @a每天进步一点点②@Amei tian jin bu yi dian dian②@e打开成功之门的197个道理@f吴章鸿著@Fwu zhang hong zhu |
| 210 | @a北京@c中国妇女出版社@d2006.06 | |
| 215 | @a265页@d23cm | |
| 517 | 1 | @a打开成功之门的197个道理@Ada kai cheng gong zhi men de 197 ge dao li |
| 606 | 0 | @a家庭教育-经验@x类型 |
| 690 | @aG78@v4 | |
| 692 | @ag78 | |
| 701 | 0 | @a吴章鸿@Awu zhang hong@4著 |
| 801 | 0 | @aCN@c20061011 |
| 905 | @a10447@dG78@eW922 | |
| 每天进步一点点②:打开成功之门的197个道理/吴章鸿著.-北京:中国妇女出版社,2006.06 |
| 265页;23cm |
| ISBN 7-80203-275-X:CNY 26.80 |
| ● |
| 相关链接 |
|
|
|
正题名:每天进步一点点②
索取号:G78/W922
 
预约/预借
| 序号 | 登录号 | 条形码 | 馆藏地/架位号 | 状态 | 备注 |
| 1 | 609248 | 206092486 | 社科库409/409社科库 17排4列2层/ [索取号:G78/W922] | 在馆 | |
| 2 | 609249 | 206092495 | 社科库409/409社科库 17排4列2层/ [索取号:G78/W922] | 在馆 | |
| 3 | 609250 | 206092501 | 社科库409/409社科库 17排4列2层/ [索取号:G78/W922] | 在馆 |